00964nam a2200265Ia 4500001000700000003000500007008004100012010001100053020005000064040000900114082002200123100002000145240004600165245011700211250001100328260003900339300000900378500010200387503004000489504003800529650004600567650003300613650002400646700002800670Z_2812CHAP220113s1986 xx 000 0 und d a165855 a968-25-1243-8 (vol.1) \ 968-25-1244-1 (vol.2) cCHAP a636.0824 M33 1986 aMcDonald, L. E. aVeterinary endocrinology and reproduction aVeterinaria : reproducción y endocrinología veterinarias /cL. E. McDonald; traducción Georgina Guerrero a2a ed. aMéxico :bInteramericana,c1986 a2 v. aTraducción de la obra en inglés: Veterinary endocrinology and reproduction 2a ed. en inglés aej.1 v.1: 136481 \ ej.1 v.2: 136481 aIncluye bibliografía e índice aAnimales domésticos xx Reproducción aEndocrinología veterinaria aReproduccion animal aGuerrero, Georgina, tr.